<?xml version="1.0" encoding="UTF-8"?>
<collection xmlns="http://www.loc.gov/MARC21/slim">
 <record>
  <leader>02532nam a2200409 a 4500</leader>
  <controlfield tag="001">41768</controlfield>
  <controlfield tag="003">BD-DhAAL</controlfield>
  <controlfield tag="008">230925t2001    ii       b    001 0 eng d</controlfield>
  <datafield tag="010" ind1=" " ind2=" ">
   <subfield code="a">2001361487</subfield>
  </datafield>
  <datafield tag="020" ind1=" " ind2=" ">
   <subfield code="a">9840516094</subfield>
  </datafield>
  <datafield tag="020" ind1=" " ind2=" ">
   <subfield code="a">9789840516094</subfield>
  </datafield>
  <datafield tag="020" ind1=" " ind2=" ">
   <subfield code="a">0195655206</subfield>
  </datafield>
  <datafield tag="025" ind1=" " ind2=" ">
   <subfield code="a">I-E-2001-361487; 60-10; 61-10; 62-10</subfield>
  </datafield>
  <datafield tag="035" ind1=" " ind2=" ">
   <subfield code="a">(DLC)  200136148</subfield>
  </datafield>
  <datafield tag="037" ind1=" " ind2=" ">
   <subfield code="b">Library of Congress -- New Delhi Field Office</subfield>
   <subfield code="c">Rs595.00</subfield>
  </datafield>
  <datafield tag="040" ind1=" " ind2=" ">
   <subfield code="a">DLC</subfield>
   <subfield code="c">DLC</subfield>
   <subfield code="d">DLC</subfield>
   <subfield code="d">BD-DhAAL</subfield>
  </datafield>
  <datafield tag="042" ind1=" " ind2=" ">
   <subfield code="a">lcode</subfield>
  </datafield>
  <datafield tag="043" ind1=" " ind2=" ">
   <subfield code="a">a-ii---</subfield>
   <subfield code="a">a-bg---</subfield>
  </datafield>
  <datafield tag="050" ind1="0" ind2="0">
   <subfield code="a">DS485.B4512</subfield>
   <subfield code="b">M886 2001</subfield>
  </datafield>
  <datafield tag="082" ind1="0" ind2="0">
   <subfield code="a">954.1400882971</subfield>
   <subfield code="2">21</subfield>
  </datafield>
  <datafield tag="245" ind1="0" ind2="0">
   <subfield code="a">Understanding the Bengal Muslims :</subfield>
   <subfield code="b">interpretative essays /</subfield>
   <subfield code="c">edited by Rafiuddin Ahmed.</subfield>
  </datafield>
  <datafield tag="246" ind1="3" ind2="0">
   <subfield code="a">Bengal Muslims</subfield>
  </datafield>
  <datafield tag="260" ind1=" " ind2=" ">
   <subfield code="a">New Delhi :</subfield>
   <subfield code="b">Oxford University Press,</subfield>
   <subfield code="c">2001.</subfield>
  </datafield>
  <datafield tag="300" ind1=" " ind2=" ">
   <subfield code="a">xiii, 271 pages ;</subfield>
   <subfield code="c">22 cm.</subfield>
  </datafield>
  <datafield tag="504" ind1=" " ind2=" ">
   <subfield code="a">Includes bibliographical references and index.</subfield>
  </datafield>
  <datafield tag="505" ind1="0" ind2=" ">
   <subfield code="a">The emergence of the Bengali Muslims / Rafiuddin Ahmed -- Who are the Bengal Muslims? conversion and islamization in Bengal / Richard M. Eaton -- Islam and Vaishnavism in the environment of rural Bengal / Ralph W. Nicholas -- Islam and the social construction of the Bangladesh countryside / Peter J. Bertocci -- The Bengal Muslims and the world of Islam : Pan-Islamic trends in colonial Bengal as reflected in the press / Mohammad Shah -- A Muslim voice in modern Bengali literature : Mir Mosharraf Hosain / Clinton B. Seely -- The changing world of Bengali Muslim women : the &quot;dreams&quot; and efforts of Rokeya Sakhawat Hossein / Sonia N. Amin -- Radicalism in Bengali Muslim thought : Kazi Abdul Wadud and the &quot;religion of creativity&quot; / Shahadat H. Khan --The Bengali Muslims and the state : secularism or huamnity for Bangladesh? / Joseph T. O'Connell -- Gender and Islam in Bangladesh : metaphor and myth / Shelley Feldman -- Bengali Muslims and Islamic fundamentalism :</subfield>
  </datafield>
  <datafield tag="505" ind1="0" ind2=" ">
   <subfield code="a">the Jama't-i-Islami in Bangladesh / Enayetur Rahim.</subfield>
  </datafield>
  <datafield tag="520" ind1=" " ind2=" ">
   <subfield code="a">Contributed articles.</subfield>
  </datafield>
  <datafield tag="526" ind1=" " ind2=" ">
   <subfield code="a">BIED</subfield>
  </datafield>
  <datafield tag="541" ind1=" " ind2=" ">
   <subfield code="a">Complimentary copy from BIED</subfield>
   <subfield code="e">41768</subfield>
  </datafield>
  <datafield tag="650" ind1=" " ind2="0">
   <subfield code="a">Muslims</subfield>
   <subfield code="z">India</subfield>
   <subfield code="z">Bengal</subfield>
   <subfield code="x">History.</subfield>
   <subfield code="9">12979</subfield>
  </datafield>
  <datafield tag="651" ind1=" " ind2="0">
   <subfield code="a">Bengal (India)</subfield>
   <subfield code="x">History.</subfield>
  </datafield>
  <datafield tag="700" ind1="1" ind2=" ">
   <subfield code="a">Ahmed, Rafiuddin,</subfield>
   <subfield code="d">1941-</subfield>
   <subfield code="9">55583</subfield>
  </datafield>
  <datafield tag="852" ind1=" " ind2=" ">
   <subfield code="a">Ayesha Abed Library</subfield>
   <subfield code="c">BIED Collection</subfield>
  </datafield>
  <datafield tag="942" ind1=" " ind2=" ">
   <subfield code="2">ddc</subfield>
   <subfield code="c">BK</subfield>
  </datafield>
  <datafield tag="999" ind1=" " ind2=" ">
   <subfield code="c">46168</subfield>
   <subfield code="d">46168</subfield>
  </datafield>
  <datafield tag="952" ind1=" " ind2=" ">
   <subfield code="0">0</subfield>
   <subfield code="1">0</subfield>
   <subfield code="2">ddc</subfield>
   <subfield code="4">0</subfield>
   <subfield code="6">954_140088297100000_UND</subfield>
   <subfield code="7">0</subfield>
   <subfield code="9">74452</subfield>
   <subfield code="a">BRACUL</subfield>
   <subfield code="b">BRACUL</subfield>
   <subfield code="c">GEN</subfield>
   <subfield code="d">2023-09-25</subfield>
   <subfield code="e">Complimentary copy from BIED</subfield>
   <subfield code="g">575.00</subfield>
   <subfield code="l">2</subfield>
   <subfield code="m">6</subfield>
   <subfield code="o">954.1400882971 UND</subfield>
   <subfield code="p">3010041768</subfield>
   <subfield code="r">2024-12-30</subfield>
   <subfield code="s">2024-12-30</subfield>
   <subfield code="t">1</subfield>
   <subfield code="w">2023-09-25</subfield>
   <subfield code="y">BK</subfield>
   <subfield code="x">Transferred from BIED to General Stacks</subfield>
  </datafield>
 </record>
</collection>
